LEADER 00914cam0-22003611i-450- 001 990003948940403321 005 20060302135900.0 010 $a0-333-44641-0 035 $a000394894 035 $aFED01000394894 035 $a(Aleph)000394894FED01 035 $a000394894 100 $a20030910d1988----km-y0itay50------ba 101 0 $aeng 102 $aGB 105 $aa-------001yy 200 1 $aLionel Robbins$fD. P. O'Brien 210 $aLondon$cMacmillan$d1988 215 $a312 p.$cill.$d22 cm 676 $aD/0.2 676 $aD/7 700 1$aO'Brien,$bDenis Patrick$f<1939- >$049634 801 0$aIT$bUNINA$gRICA$2UNIMARC 901 $aBK 912 $a990003948940403321 952 $aB1-B3.130$b1134$fDECTS 952 $aXI B 234$b5962$fFSPBC 952 $aD/0.2 OBR$b7675$fSES 959 $aFSPBC 959 $aSES 959 $aDECTS 996 $aLionel Robbins$9513720 997 $aUNINA LEADER 02041nas 2200577- 450 001 996581515803316 005 20230522010532.0 011 $a2691-4581 035 $a(DE-599)ZDB3049188-5 035 $a(OCoLC)1149924015 035 $a(CKB)5590000000001764 035 $a(CONSER)--2020200138 035 $a(EXLCZ)995590000000001764 100 $a20200410a20209999 --- a 101 0 $aeng 135 $aur||||||||||| 181 $ctxt$2rdacontent 182 $cc$2rdamedia 183 $acr$2rdacarrier 200 00$aIEEE transactions on artificial intelligence 210 1$aPiscataway, NJ :$cInstitute of Electrical and Electronics Engineers, Inc. :$cIEEE Computational Intelligence Society,$d[2020]- 215 $a1 online resource 300 $aRefereed/Peer-reviewed 517 1 $aTransactions on artificial intelligence 517 1 $aArtificial intelligence 517 1 $aITAICB 517 1 $aAI 517 1 $aTAI 517 1 $aIEEE TAI 517 1 $aInstitute of Electrical and Electronics Engineers transactions on artificial intelligence 531 0 $aIEEE trans. artif. intell. 606 $aComputational intelligence$vPeriodicals 606 $aArtificial intelligence$vPeriodicals 606 $aComputational intelligence$2fast$3(OCoLC)fst00871995 606 $aArtificial intelligence$2fast$3(OCoLC)fst00817247 608 $aPeriodicals.$2fast 615 0$aComputational intelligence 615 0$aArtificial intelligence 615 7$aComputational intelligence. 615 7$aArtificial intelligence. 676 $a006.3 712 02$aInstitute of Electrical and Electronics Engineers. 712 02$aIEEE Computational Intelligence Society. 712 02$aIEEE Computer Society. 712 02$aIEEE Signal Processing Society. 712 02$aIEEE Systems, Man, and Cybernetics Society. 712 02$aIEEE Robotics and Automation Society. 906 $aJOURNAL 912 $a996581515803316 996 $aIEEE transactions on artificial intelligence$92292545 997 $aUNISA